Alle Städte in Rheinland-Pfalz - Statistiken

Allgemein
  • Dieses Quiz wurde 141 mal gespielt
  • Das Durchschnittsergebnis liegt bei 45 aus 130
Antwortstatistiken
Kreis Einwohner Stadt % Korrekt
kreisfrei 218.578 Mainz
97%
kreisfrei 114.052 Koblenz
92%
kreisfrei 83.542 Worms
92%
kreisfrei 111.528 Trier
91%
kreisfrei 100.030 Kaiserslautern
90%
kreisfrei 172.253 Ludwigshafen am Rhein
90%
Neuwied 64.765 Neuwied
88%
Bad Kreuznach 51.170 Bad Kreuznach
86%
Bad Dürkheim 18.575 Bad Dürkheim
85%
Alzey-Worms 18.627 Alzey
84%
Bernkastel-Wittlich 7.133 Bernkastel-Kues
84%
Eifelkreis Bitburg-Prüm 15.047 Bitburg
84%
Ahrweiler 28.468 Bad Neuenahr-Ahrweiler
81%
Mainz-Bingen 25.899 Bingen am Rhein
80%
Birkenfeld 7.016 Birkenfeld
80%
Cochem-Zell 5.240 Cochem
80%
Germersheim 20.798 Germersheim
80%
Mayen-Koblenz 19.162 Mayen
80%
kreisfrei 50.561 Speyer
80%
kreisfrei 40.231 Pirmasens
78%
Kusel 5.518 Kusel
77%
kreisfrei 46.881 Landau in der Pfalz
77%
Eifelkreis Bitburg-Prüm 5.510 Prüm
77%
Altenkirchen (Westerwald) 6.305 Altenkirchen (Westerwald)
76%
Trier-Saarburg 7.381 Saarburg
75%
Bernkastel-Wittlich 19.069 Wittlich
73%
kreisfrei 34.193 Zweibrücken
71%
Cochem-Zell 4.073 Zell (Mosel)
70%
kreisfrei 53.264 Neustadt an der Weinstraße
66%
kreisfrei 48.762 Frankenthal (Pfalz)
64%
Birkenfeld 28.520 Idar-Oberstein
64%
Mainz-Bingen 35.193 Ingelheim am Rhein
56%
Mayen-Koblenz 29.922 Andernach
52%
Rhein-Hunsrück-Kreis 2.779 St. Goar
48%
Westerwaldkreis 13.998 Montabaur
47%
Rhein-Hunsrück-Kreis 7.899 Simmern/Hunsrück
45%
Rhein-Hunsrück-Kreis 15.413 Boppard
44%
Trier-Saarburg 18.332 Konz
44%
Rhein-Lahn-Kreis 18.042 Lahnstein
44%
Vulkaneifel 8.010 Daun
42%
Ahrweiler 17.116 Remagen
41%
Rhein-Pfalz-Kreis 20.412 Schifferstadt
37%
Rhein-Lahn-Kreis 9.689 Bad Ems
36%
Südliche Weinstraße 8.285 Bad Bergzabern
35%
Ahrweiler 17.630 Sinzig
34%
Vulkaneifel 7.757 Gerolstein
33%
Rhein-Lahn-Kreis 1.285 St. Goarshausen
33%
Bad Dürkheim 13.504 Grünstadt
32%
Donnersbergkreis 7.898 Kirchheimbolanden
31%
Kaiserslautern 8.368 Landstuhl
30%
Germersheim 18.120 Wörth am Rhein
30%
Rhein-Lahn-Kreis 11.084 Diez
29%
Bernkastel-Wittlich 5.664 Traben-Trarbach
27%
Südliche Weinstraße 7.077 Annweiler am Trifels
26%
Südwestpfalz 4.553 Dahn
26%
Bad Kreuznach 8.162 Kirn
26%
Kaiserslautern 7.930 Ramstein-Miesenbach
26%
Mainz-Bingen 1.867 Bacharach
25%
Donnersbergkreis 5.365 Rockenhausen
25%
Rhein-Hunsrück-Kreis 5.463 Kastellaun
24%
Bad Kreuznach 6.560 Bad Sobernheim
23%
Birkenfeld 4.257 Baumholder
23%
Mayen-Koblenz 16.888 Bendorf
23%
Neuwied 6.204 Linz am Rhein
23%
Trier-Saarburg 7.848 Schweich
23%
Ahrweiler 9.531 Bad Breisig
22%
Trier-Saarburg 6.638 Hermeskeil
22%
Mainz-Bingen 10.143 Nieder-Olm
22%
Rhein-Hunsrück-Kreis 2.781 Oberwesel
22%
Mayen-Koblenz 8.843 Vallendar
22%
Mainz-Bingen 6.865 Gau-Algesheim
21%
Mayen-Koblenz 8.928 Mendig
21%
Altenkirchen (Westerwald) 10.064 Betzdorf
20%
Mainz-Bingen 8.451 Nierstein
20%
Mainz-Bingen 7.582 Oppenheim
20%
Alzey-Worms 9.521 Osthofen
20%
Germersheim 9.034 Kandel
19%
Neuwied 5.004 Unkel
19%
Donnersbergkreis 9.316 Eisenberg (Pfalz)
18%
Rhein-Hunsrück-Kreis 4.862 Emmelshausen
18%
Rhein-Lahn-Kreis 834 Kaub
18%
Rhein-Hunsrück-Kreis 3.993 Kirchberg (Hunsrück)
18%
Mayen-Koblenz 11.215 Mülheim-Kärlich
18%
Bad Dürkheim 3.705 Deidesheim
16%
Südliche Weinstraße 6.655 Edenkoben
16%
Ahrweiler 2.943 Adenau
15%
Westerwaldkreis 6.122 Hachenburg
15%
Alzey-Worms 7.968 Wörrstadt
15%
Westerwaldkreis 6.098 Bad Marienberg (Westerwald)
14%
Cochem-Zell 3.137 Kaisersesch
14%
Rhein-Lahn-Kreis 4.535 Nassau
14%
Rhein-Hunsrück-Kreis 4.114 Rheinböllen
14%
Altenkirchen (Westerwald) 8.315 Wissen
14%
Altenkirchen (Westerwald) 8.492 Kirchen (Sieg)
13%
Eifelkreis Bitburg-Prüm 920 Kyllburg
13%
Mayen-Koblenz 9.157 Weißenthurm
13%
Westerwaldkreis 9.261 Höhr-Grenzhausen
12%
Kusel 1.984 Lauterecken
12%
Bernkastel-Wittlich 1.402 Manderscheid
12%
Bad Kreuznach 2.796 Meisenheim
12%
Mayen-Koblenz 6.837 Polch
12%
Westerwaldkreis 7.783 Ransbach-Baumbach
12%
Bad Kreuznach 3.342 Stromberg
12%
Westerwaldkreis 5.657 Westerburg
12%
Mayen-Koblenz 3.449 Münstermaifeld
11%
Rhein-Lahn-Kreis 4.202 Nastätten
11%
Eifelkreis Bitburg-Prüm 3.558 Speicher
11%
Cochem-Zell 3.322 Ulmen
11%
Bad Dürkheim 4.592 Wachenheim an der Weinstraße
11%
Vulkaneifel 3.235 Hillesheim
10%
Südwestpfalz 6.711 Rodalben
10%
Westerwaldkreis 2.814 Selters (Westerwald)
10%
Neuwied 6.009 Bad Hönningen
9%
Neuwied 5.741 Dierdorf
9%
Bad Dürkheim 4.884 Freinsheim
9%
Germersheim 5.444 Hagenbach
9%
Westerwaldkreis 4.398 Rennerod
9%
Rhein-Lahn-Kreis 2.114 Katzenelnbogen
8%
Bad Dürkheim 4.050 Lambrecht (Pfalz)
8%
Eifelkreis Bitburg-Prüm 1.491 Neuerburg
8%
Mayen-Koblenz 2.946 Rhens
8%
Westerwaldkreis 5.420 Wirges
8%
Rhein-Lahn-Kreis 3.002 Braubach
7%
Altenkirchen (Westerwald) 4.243 Daaden
7%
Kaiserslautern 5.317 Otterberg
7%
Kusel 5.134 Waldmohr
7%
Kusel 1.903 Wolfstein
7%
Altenkirchen (Westerwald) 6.546 Herdorf
5%
Südwestpfalz 1.430 Hornbach
4%
Donnersbergkreis 1.051 Obermoschel
2%
Keine übereinstimmenden Quizze gefunden
Verteilung der Resultate
Anzahl Personen mit jedem Resultat
Perzentil nach korrekt beantworteten Fragen
Ihre Resultats-Entwicklung
Sie haben dieses Quiz noch nicht gespielt